Quizzes
Events
Quiz Creation
Community
Videos
Private Events
Remove Ads
Sign In
Join for FREE
Feedback
Dark Mode
Quiz Categories
Sports
Geography
Music
Movies
Television
Just For Fun
Miscellaneous
History
Literature
Language
Science
Gaming
Entertainment
Religion
Holiday
For Kids
Quiz Lab
Recent
Popular Today
Quiz Kudos Today
Editor Picks
Curator Picks
Quizzes by...
Day
Popularity
Type
Ratings
Length
Year
Community
Subscriptions
Recent Discussions
Orange Saloon
Badges
Playlists
Quests
Create
Leaderboards
Showdown
Live 5
Trivia Bingo
Activity
Puzzle Library
Sporcle Events
Private Events
Virtual Trivia
Globe League
Become a Host
Pub Owners
SporcleCon
Opinionation
Our Games
Videos
Blog
Mobile Apps
Partnerships
Remove Ads and Go Orange
Feedback
Language
Vocabulary
Begins and Ends
Definition
Spanish
French
German
Italian
Chinese
Latin
Translation
Japanese
Language
Vocabulary
Begins and Ends
Definition
Spanish
French
German
Italian
Chinese
Latin
Translation
Japanese
Random Quiz
Search Sporcle
×
Quiz Lab
Quiz Lab
Language
French
Type in answers that appear in a list
Type in answers that appear in a list
Classic
Best Score? Go Orange.
Pronom 'De' Stats
Can you name the Pronom (De, D', De l', Du, De la, Des) ?
By
MrSneaks
5m
15 Questions
52 Plays
52 Plays
52 Plays
Comments
Comments
Give Quiz Kudos
Give Quiz Kudos
-
- Ratings
hide this ad
Forced Order
Answers have to be entered in order
Answers have to be entered in order
Random Order
Randomize order of answers
Randomize order of answers
Replay
Link that replays current quiz
Next Quiz
Link to next quiz in quiz playlist
You Got
0%
They Got
Avg Score
87%
Avg Friend Score
Upgrade to see
Score Distribution
Jump to the score distribution portion of the page
Score
0/15
Timer
05:00
0
Plays Today
Question
Answer
% Correct
C'est le bureau _
_
_
_
_
M. Gilmore
de
92.3%
C'est le vélo _
_
_
_
_
Tyler.
de
90.4%
C'est le bâton _
_
_
_
_
garcon.
du
90.4%
C'est le vélo _
_
_
_
_
ami.
de l'
88.5%
C'est le bâton _
_
_
_
_
fille.
de la
88.5%
C'est le bâton _
_
_
_
_
garcons.
des
88.5%
C'est le bâton _
_
_
_
_
filles.
des
88.5%
C'est le bureau _
_
_
_
_
directeur.
du
88.5%
Question
Answer
% Correct
C'est le bureau _
_
_
_
_
directrice
de la
88.5%
C'est le vélo _
_
_
_
_
ami de Tyler.
de l'
86.5%
C'est l'idée _
_
_
_
_
M. Schwartz
de
86.5%
C'est l'idée _
_
_
_
_
enfants.
des
86.5%
C'est l'idée _
_
_
_
_
enfant
de l'
86.5%
C'est le vélo _
_
_
_
_
Amanda.
d'
84.6%
C'est le pupitre _
_
_
_
_
Austin.
d'
82.7%
Quiz Playlist
Details
Report
Send in Message
Add To Playlist
Classic:
Type in answers that appear in a list
Forced Order:
Answers have to be entered in order
Random Order:
Randomize order of answers
Last Updated: Feb 16, 2017
Quiz Scoreboard
CHALLENGE
Sign Up to Join the Scoreboard
Show All
Scores
Hide
Comments
May contain spoilers
Recently Published
An Introduction to Baseball
by treessimontrees
Sports
5m
Movies - When Are They Set?
by FPL_Elf
Movies
5m
Popular People in 1961
by mucciniale
History
6m
More to Explore
Quiz From the Vault
Featured Blog Post
Where Did the Easter Bunny Come From?
hide this ad
You Might Also Like...
Tags
French Quiz
pronom
Today's Top Quizzes in Language
Browse Language
hide this ad
Today's Top Quizzes in French
Browse French
Top Contributed Quizzes in Language
1
1-10 Letter F Words III
2
Order Up: Top 10 Most Native Spoken Languages
3
1-10 Letter G Words III
4
1-10 Letter H Words III
5
One Thing in Common: Italy
6
1-10 Letter I Words III
7
Weisst du, aus welchen Sprachen diese Wörter stammen?
8
1-10 Letter J Words III
9
Begins and Ends With AN
10
Hiragana Speed Reading
Explore More
Trending Topics
Marvel
Harry Potter
Kpop
Disney
Anime
Crossword
NBA
Country
WWE
Pokémon
NFL
Soccer
Song
Puzzle
The Office
hide this ad
More By:
MrSneaks
Quiz
Plays
Rating
Category
Featured
Created
à, à la, à l', au, aux en Francais
370
1.14
Language
May 1, 2012
NHL Philadelphia Flyers Goalies
327
4.00
Sports
Nov 12, 2010
NHL Minnesota/Dallas Stars Goaltenders
175
5.00
Sports
Nov 15, 2010
NHL Whalers/Hurricanes Goaltenders
136
Sports
Nov 15, 2010
NHL Goaltenders Who Have Scored Goals
73
Sports
Nov 12, 2010
Go to Creator's Profile
Score Distribution
Quiz Creator Spotlight
MrSneaks
Follow
Send a Message
Quizzes Created
-
Created Quiz Play Count
-
More By This Creator
Popular Quizzes Today
1
Find the Countries of Europe - No Outlines Minefield
2
Find the US States - No Outlines Minefield
3
The Countries of the World
4
Popular People in 1961
5
US States
6
1-10 Letter E Words III
7
Find the US States
8
One Thing in Common: World Cities II
More Language Quizzes
Top 20 Surnames (US)
Published
Trending Quizzes
Risky Map Clicking: Least Populous States A-Z
1-10 Letter F Words
1-10 Letter G Words
One Thing in Common: United Kingdom
Risky Map Clicking: Next State Alphabetically
Recently Updated
Leaping Animals
pecheneg
Reality TV Shows (A-Z)
bhenderson79
Rickey Henderson's Hall of Fame Teammates
pecheneg
Champions League XIs: Arsenal
pecheneg
Quick Pick: Celebrities in WWE's Hall of Fame
aduchscher
A-Z Keypad Blitz II
pecheneg
Multiple Oscar Actors
pecheneg
Mystery Phrase Blitz: Oscar 'Best Actors'
pecheneg
F. Scott Fitzgerald Novels
LTH
Pick 3 Villains
ddd62291
Trending Topics
Anime
Marvel
Kpop
NBA
Harry Potter
Disney
Crossword
The Office
Pokémon
Country
Soccer
Puzzle
NFL
WWE
Song
Your Account Isn't Verified!
In order to create a playlist on Sporcle, you need to verify the email address you used during registration. Go to your
Sporcle Settings
to finish the process.
Report this User
Report this user for behavior that violates our
Community Guidelines
.
Details:
Send Report
Go to the Sporcle.com Mobile Site →
Comments